000 00816nmc a2200301 a 4500
003 AR-BaBNM
005 20251128203841.0
008 297019s1968 ||||||||||||||000 | spa||
040 _cAR-BaBNM
100 1 _aVessel, M.F.
245 1 0 _aLas ciencias en la escuela primaria
260 _aBuenos Aires
_bTroquel
_c1968
300 0 _a156 p.
490 0 _aBiblioteca de la nueva educación
500 0 _aGlosario p. 151-156
504 _aBibliografía p. 147-150
650 4 _aENSENANZA DE LA CIENCIA
650 4 _aCURRICULO
650 4 _aEVALUACION DEL ALUMNO
650 4 _aFORMACION DE DOCENTES
650 4 _aRECURSOS EDUCACIONALES
650 4 _aPROGRAMAS DE CIENCIAS
653 0 _aEDUCACION PRIMARIA
700 1 _aStollberg, Robert
700 1 _aSetaro, Flora
942 _cBK
998 _cCarmen
999 _c5181
_d5181